00508 a2200217 4500260001000000630003000010037001300040650002800053100002000081700002700101260001000128245004100138300001100179650002000190260000900210300000900219100000700228440002500235037001100260020001900271 aParis a658 - Gestion commerciale b1, Achat a6 - SCIENCES APPLIQUEES aBénassy, Jean aPloix de Rotrou, Roger bAfnor aLa gestion informatisée des stocks a356 p. aStock : gestion c1981 b21cm lFr aNormes et Techniques aS 4826 a2-12-352-751-3